| 000 | 00932nam a22002657a 4500 | ||
|---|---|---|---|
| 001 | 00006300 | ||
| 003 | DO-SdBNP | ||
| 005 | 20180123091145.0 | ||
| 007 | 00006300 | ||
| 008 | 160609b 1987 nyu ||||| |||| 00| 0 spa d | ||
| 020 | _a0590418211 | ||
| 040 |
_aBPMSU _bspa _cBPMSU |
||
| 092 |
_axxxxx _bxxxxx |
||
| 100 | 1 | _aHurwitz, Johanna | |
| 245 | 1 | 0 |
_aClass clown / _cJohanna Hurwitz ; illustrated by Sheila Hamanaka. |
| 260 |
_aNew York : _bScholastic, _c1987. |
||
| 300 |
_a98 cm. : _bil. ; _c20 cm. |
||
| 490 | 1 | _aLittle apple. | |
| 505 | 0 |
_tA Note From Mrs. Hockaday -- _tEyeglasses -- _tTurning Over A New Leaf -- _tLucas Makes A Bet -- _tWrestling Feats -- _tThe Cultural Arts Program -- _tA Class Circus For A Class Clown -- _tAnother Note From Mrs. Hockaday. |
|
| 700 | 1 |
_aHamanaka, Sheila, _eil. |
|
| 830 | 0 | _pLittle apple. | |
| 942 |
_2ddc _cBK |
||
| 945 | _aInventariado, 2018/LP | ||
| 956 |
_aLOPEREZ _b10 _c20160609 |
||
| 999 |
_c10339 _d10339 |
||